Statistics for 🎧 Guess the Taylor Swift Song with no Hints - 2

Click here to take the quiz!

General Stats

  • This quiz has been taken 52 times
  • The average score is 319 of 405

Answer Stats

Answer% Correct
I
100%
It
100%
it
100%
you
98%
You
98%
your
98%
a
96%
And
93%
and
93%
in
93%
is
93%
me
93%
so
93%
So
93%
the
93%
We
91%
we
91%
you're
91%
he
89%
was
89%
Was
89%
Like
87%
of
87%
when
87%
Where
87%
then
85%
to
85%
up
85%
all
83%
at
83%
I'm
83%
time
83%
Were
83%
what
83%
but
80%
for
80%
loved
80%
that
80%
this
80%
too
80%
knew
78%
not
78%
one
78%
said
78%
can't
76%
say
76%
there
76%
back
74%
Back
74%
don't
74%
eye
74%
gone
74%
Oh
74%
Once
74%
out
74%
upon
74%
'Cause
72%
just
72%
never
72%
Did
70%
nothing
70%
now
70%
think
70%
told
70%
always"
67%
believe
67%
"Forever
67%
looked
67%
something
67%
still
67%
Thought
67%
Tuesday
67%
down
65%
here
65%
wrong
65%
bedroom
63%
boy
63%
caught
63%
everything
63%
everything?
63%
Everything
63%
eyes
63%
going?
63%
into
63%
sure
63%
baby
61%
Baby
61%
feel
61%
hasn't
61%
made
61%
mean
61%
phone
61%
rains
61%
tell
61%
thing
61%
anymore
59%
called
59%
didn't
59%
flashback
59%
Here's
59%
here's
59%
hide
59%
line?
59%
little
59%
run
59%
second
59%
silence
59%
yeah
59%
coming
57%
minute
57%
night
57%
onto
57%
scared
57%
way
57%
breaking
54%
core
54%
forget
54%
kidding?
54%
seems
54%
speak
54%
stare
54%
cuts
52%
door
52%
happened?
52%
almost
50%
halfway
50%
hold
50%
honest
50%
low
50%
perfect
50%
Please
50%
welcome
50%

Score Distribution

Percentile by Number Answered

Percent of People with Each Score

Your Score History

You have not taken this quiz